000 00279nam a2200121 i 4500
001 bg
245 0 _aPrzewodnik do ćwiczeń laboratoryjnych z fizyki.
260 _aWrocław,
_c1970.
040 _cBPK
041 _apol
942 _cKS
008 s pl f |000 0 pol
999 _c7037
_d7037
856 _uhttp://koha.tu.koszalin.pl/cgi-bin/koha/opac-detail.pl?biblionumber=7037
_yKatalog online BPK